[Event "España tch División de Honor 2014"]
[Site "Linares ESP"]
[Date "2014.09.08"]
[Round "5.2"]
[White "Alonso Moyano, Jonathan"]
[Black "Kryvoruchko, Yuriy"]
[Result "1/2-1/2"]
[WhiteElo "2402"]
[BlackElo "2708"]
[PlyCount "100"]
[EventDate "2014.09.04"]
[EventType "team-tourn"]
[EventRounds "7"]
[EventCountry "ESP"]
[Source "lmi"]
[SourceDate "2014.09.04"]
[WhiteTeam "C. E.  BARBERA"]
[BlackTeam "MERIDA PATRIMONIO DE LA HUMANIDAD"]

1. e4 c5 2. c4 Nc6 3. Nc3 g6 4. g3 Bg7 5. Bg2 e6 6. Nge2 Nge7 7. O-O O-O 8. d3
d6 9. Be3 Nd4 10. Qd2 Nec6 11. Bh6 Bxh6 12. Qxh6 Rb8 13. Qd2 a6 14. Nxd4 Nxd4
15. f4 b5 16. e5 bxc4 17. Ne4 cxd3 18. Nxd6 c4 19. Kh1 Nf5 20. Nxc4 Bb7 21. b3
Qd4 22. Rad1 Rfd8 23. Bxb7 Rxb7 24. g4 Nh4 25. Qf2 g5 26. fxg5 Qe4+ 27. Kg1
Qxg4+ 28. Qg3 Qd4+ 29. Rf2 Nf5 30. Qf4 Rbd7 31. Qxd4 Rxd4 32. Rfd2 Kg7 33. Nb2
Kg6 34. Rxd3 Kxg5 35. Rxd4 Rxd4 36. Rxd4 Nxd4 37. Nd3 a5 38. Kf2 Kf5 39. Nb2
Kxe5 40. Nc4+ Kd5 41. Nxa5 f5 42. Nc4 e5 43. Nb6+ Ke6 44. Ke3 f4+ 45. Ke4 Nb5
46. a4 Nd6+ 47. Kf3 Kf5 48. Nc4 e4+ 49. Ke2 Ke6 50. Nxd6 Ke5 1/2-1/2

[Event "España tch División de Honor 2014"]
[Site "Linares ESP"]
[Date "2014.09.08"]
[Round "5.2"]
[White "Berkes, Ferenc"]
[Black "Guramishvili, Sopiko"]
[Result "1-0"]
[WhiteElo "2649"]
[BlackElo "2393"]
[PlyCount "45"]
[EventDate "2014.09.04"]
[EventType "team-tourn"]
[EventRounds "7"]
[EventCountry "ESP"]
[Source "lmi"]
[SourceDate "2014.09.04"]
[WhiteTeam "MERIDA PATRIMONIO DE LA HUMANIDAD"]
[BlackTeam "C. E.  BARBERA"]

1. d4 d5 2. c4 e6 3. Nc3 c6 4. e3 Nd7 5. Nf3 f5 6. Bd3 Nh6 7. Qc2 Bd6 8. Bd2
O-O 9. O-O-O b6 10. Kb1 Bb7 11. Rc1 a6 12. h3 c5 13. Qb3 b5 14. cxd5 Nb6 15.
dxc5 Bxc5 16. e4 fxe4 17. Bxe4 Nc4 18. Rhd1 e5 19. d6 Bxe4+ 20. Nxe4 Bd4 21.
Nxd4 exd4 22. Bxh6 gxh6 23. Rh1 1-0

[Event "España tch División de Honor 2014"]
[Site "Linares ESP"]
[Date "2014.09.08"]
[Round "5.2"]
[White "Bergez, Luc"]
[Black "Illescas Cordoba, Miguel"]
[Result "0-1"]
[WhiteElo "2353"]
[BlackElo "2617"]
[PlyCount "60"]
[EventDate "2014.09.04"]
[EventType "team-tourn"]
[EventRounds "7"]
[EventCountry "ESP"]
[Source "lmi"]
[SourceDate "2014.09.04"]
[WhiteTeam "C. E.  BARBERA"]
[BlackTeam "MERIDA PATRIMONIO DE LA HUMANIDAD"]

1. e4 c5 2. Nf3 e6 3. c3 Nf6 4. e5 Nd5 5. d4 cxd4 6. cxd4 b6 7. Bc4 Ba6 8. Bg5
Qc8 9. Bxd5 exd5 10. Nc3 Bb4 11. Rc1 O-O 12. a3 Bxc3+ 13. Rxc3 Qe8 14. Be3 Nc6
15. Qa4 Bc4 16. Qc2 f6 17. exf6 Rxf6 18. Ng5 Qh5 19. g4 Qh4 20. Rxc4 dxc4 21.
Qxc4+ Kf8 22. d5 Re8 23. Ne6+ dxe6 24. dxc6 Rc8 25. b4 Qh3 26. Qe4 h5 27. b5
hxg4 28. Rg1 Qh5 29. Rxg4 Rd8 30. Bg5 Rg6 0-1

[Event "España tch División de Honor 2014"]
[Site "Linares ESP"]
[Date "2014.09.08"]
[Round "5.2"]
[White "Korneev, Oleg"]
[Black "Martinez Ramirez, Erik"]
[Result "1-0"]
[WhiteElo "2581"]
[BlackElo "2286"]
[PlyCount "69"]
[EventDate "2014.09.04"]
[EventType "team-tourn"]
[EventRounds "7"]
[EventCountry "ESP"]
[Source "lmi"]
[SourceDate "2014.09.04"]
[WhiteTeam "MERIDA PATRIMONIO DE LA HUMANIDAD"]
[BlackTeam "C. E.  BARBERA"]

1. e4 c5 2. Nf3 Nc6 3. d4 cxd4 4. Nxd4 Nf6 5. Nc3 g6 6. Nxc6 bxc6 7. e5 Ng8 8.
Bc4 Bg7 9. Bf4 f5 10. exf6 Nxf6 11. O-O d5 12. Bb3 O-O 13. Be5 e6 14. Na4 Qe7
15. c4 Nd7 16. Bxg7 Kxg7 17. Re1 Qd6 18. Rc1 d4 19. c5 Qf4 20. Qe2 e5 21. Rcd1
Qf6 22. Bc4 Bb7 23. b4 a5 24. Nc3 axb4 25. Ne4 Qf4 26. Rd3 Bc8 27. Rf3 Qh4 28.
Rxf8 Kxf8 29. Nd6 Qf6 30. f4 d3 31. Qe3 d2 32. Qxd2 Nxc5 33. fxe5 Qh4 34. Rf1+
Bf5 35. Nxf5 1-0

[Event "España tch División de Honor 2014"]
[Site "Linares ESP"]
[Date "2014.09.08"]
[Round "5.3"]
[White "Sargissian, Gabriel"]
[Black "Bacrot, Etienne"]
[Result "1/2-1/2"]
[WhiteElo "2691"]
[BlackElo "2729"]
[PlyCount "81"]
[EventDate "2014.09.04"]
[EventType "team-tourn"]
[EventRounds "7"]
[EventCountry "ESP"]
[Source "lmi"]
[SourceDate "2014.09.04"]
[WhiteTeam "CLUB MAGIC EXTREMADURA"]
[BlackTeam "GROS XAKE TALDEA"]

1. d4 Nf6 2. c4 g6 3. Nf3 Bg7 4. g3 O-O 5. Bg2 c5 6. Nc3 cxd4 7. Nxd4 Nc6 8.
O-O Qa5 9. e3 d6 10. Bd2 Qb6 11. Qb3 Qc5 12. Nce2 Bd7 13. Rfc1 Rab8 14. h3 e5
15. Nb5 a6 16. Nc7 Na5 17. Qa3 Qxa3 18. bxa3 Nc6 19. Nd5 Bf5 20. g4 Bd3 21. Ng3
Nd7 22. Nb4 e4 23. Nxd3 Bxa1 24. Nxe4 Bg7 25. Nxd6 Nde5 26. Nxe5 Bxe5 27. Nxb7
Rfc8 28. Na5 Nxa5 29. Bxa5 Bb2 30. Rc2 Bxa3 31. Bd5 Rb2 32. Rxb2 Bxb2 33. a4
Ba3 34. Bb6 Kf8 35. a5 Ke7 36. Kg2 f6 37. f4 Bc5 38. Kf3 Kd6 39. e4 g5 40. Bb7
Rb8 41. e5+ 1/2-1/2

[Event "España tch División de Honor 2014"]
[Site "Linares ESP"]
[Date "2014.09.08"]
[Round "5.3"]
[White "Van Wely, Loek"]
[Black "Oparin, Grigoriy"]
[Result "1-0"]
[WhiteElo "2650"]
[BlackElo "2540"]
[PlyCount "145"]
[EventDate "2014.09.04"]
[EventType "team-tourn"]
[EventRounds "7"]
[EventCountry "ESP"]
[Source "lmi"]
[SourceDate "2014.09.04"]
[WhiteTeam "GROS XAKE TALDEA"]
[BlackTeam "CLUB MAGIC EXTREMADURA"]

1. Nf3 d5 2. c4 e6 3. d4 Nf6 4. g3 Be7 5. Bg2 O-O 6. O-O dxc4 7. Qc2 a6 8. a4
Bd7 9. Rd1 Nc6 10. Qxc4 Nb4 11. Nc3 Bc6 12. a5 h6 13. Bd2 Qe8 14. e4 Rc8 15.
Ne5 Bb5 16. Nxb5 axb5 17. Qb3 Na6 18. Rac1 c6 19. h4 Bd6 20. Nxc6 bxc6 21. e5
Be7 22. exf6 Bxf6 23. Qf3 Bxd4 24. Rxc6 Rxc6 25. Qxc6 Qxc6 26. Bxc6 Bxb2 27.
Bxb5 Nc7 28. Be2 Rd8 29. Be3 Rxd1+ 30. Bxd1 Bc3 31. Bb6 Nd5 32. Bd8 Kf8 33. a6
Bd4 34. Bf3 Ke8 35. Ba5 Ba7 36. h5 Ne7 37. Be4 Kd7 38. Bc3 f6 39. Bb4 f5 40.
Bc2 e5 41. Kf1 Ke6 42. Bb3+ Kf6 43. Bd2 Nc6 44. Bd5 Nd4 45. f3 g6 46. hxg6 Kxg6
47. Kg2 Nc2 48. Kh3 Ne3 49. Bc6 Nc4 50. Bc3 Kg5 51. Bd5 Ne3 52. Bf7 f4 53. Bxe5
fxg3 54. Bxg3 Nf5 55. Bh2 Ne7 56. Kg2 Nf5 57. Kf1 Ne3+ 58. Ke2 Ng2 59. Kd3 Kf5
60. Kc4 Nf4 61. Be8 Kg5 62. Bf7 Kf5 63. Kb5 Ne2 64. Kc6 Nc3 65. Kb7 Be3 66. Bc4
h5 67. Bg3 h4 68. Bxh4 Kf4 69. Bd8 Na4 70. Kc6 Ba7 71. Bd5 Nc5 72. Bc7+ Kf5 73.
Bc4 1-0

[Event "España tch División de Honor 2014"]
[Site "Linares ESP"]
[Date "2014.09.08"]
[Round "5.3"]
[White "Perez Candelario, Manuel"]
[Black "Sokolov, Ivan"]
[Result "0-1"]
[WhiteElo "2575"]
[BlackElo "2646"]
[PlyCount "74"]
[EventDate "2014.09.04"]
[EventType "team-tourn"]
[EventRounds "7"]
[EventCountry "ESP"]
[Source "lmi"]
[SourceDate "2014.09.04"]
[WhiteTeam "CLUB MAGIC EXTREMADURA"]
[BlackTeam "GROS XAKE TALDEA"]

1. e4 e5 2. Nf3 Nc6 3. Bb5 a6 4. Ba4 Nf6 5. O-O Be7 6. Re1 b5 7. Bb3 d6 8. c3
O-O 9. h3 Nb8 10. d4 Nbd7 11. Nbd2 Bb7 12. Bc2 Re8 13. a4 Bf8 14. Bd3 c6 15. b4
Qc7 16. Qc2 Rac8 17. Bb2 g6 18. c4 bxc4 19. Qxc4 exd4 20. Bxd4 Bg7 21. Rac1 c5
22. Qa2 d5 23. bxc5 dxe4 24. Ng5 Ne5 25. Bxe5 Rxe5 26. Ngxe4 Rd8 27. Nxf6+ Bxf6
28. Bc4 Rxe1+ 29. Rxe1 Bc3 30. Re2 Qc6 31. Ne4 Rd1+ 32. Kh2 Be5+ 33. f4 Bxf4+
34. g3 Qxc5 35. Bxf7+ Kf8 36. Rg2 Bxe4 37. Bg8 Bxg3+ 0-1

[Event "España tch División de Honor 2014"]
[Site "Linares ESP"]
[Date "2014.09.08"]
[Round "5.3"]
[White "Franco Alonso, Alejandro"]
[Black "Antipov, Mikhail Al"]
[Result "1/2-1/2"]
[WhiteElo "2471"]
[BlackElo "2508"]
[PlyCount "116"]
[EventDate "2014.09.04"]
[EventType "team-tourn"]
[EventRounds "7"]
[EventCountry "ESP"]
[Source "lmi"]
[SourceDate "2014.09.04"]
[WhiteTeam "GROS XAKE TALDEA"]
[BlackTeam "CLUB MAGIC EXTREMADURA"]

1. Nf3 Nf6 2. c4 e6 3. g3 d5 4. d4 dxc4 5. Bg2 Bd7 6. Ne5 Bc6 7. Nxc6 Nxc6 8.
O-O Qd7 9. e3 Nd5 10. Qe2 h5 11. Qxc4 h4 12. Nc3 hxg3 13. hxg3 O-O-O 14. Rd1 f5
15. Qe2 Nxc3 16. bxc3 e5 17. Rb1 e4 18. Rd2 b6 19. a4 Qf7 20. Qa6+ Kd7 21. Qb5
a6 22. Qxa6 Rh6 23. Qb5 Kc8 24. c4 Bb4 25. g4 Bxd2 26. Bxd2 fxg4 27. Bxe4 Rf8
28. Be1 g3 29. f3 Nb8 30. Bxg3 Rh5 31. Qb2 Rfh8 32. Kg2 Qe6 33. Rg1 Rg5 34. Kf2
Rh3 35. Qb1 Nd7 36. Bd5 Qe7 37. Qb5 Nb8 38. Be6+ Kb7 39. Bxh3 Rxb5 40. axb5 Qb4
41. Bf1 Nd7 42. Bf4 Qe7 43. Bd3 Nf6 44. Be5 Qf7 45. Ke2 Kc8 46. Bf5+ Kb7 47.
Bd3 Kc8 48. Rg5 Qe7 49. Bf5+ Kb7 50. Bxf6 Qxf6 51. Be4+ Kc8 52. Rf5 Qd6 53. Re5
Qb4 54. Re8+ Kd7 55. Bc6+ Kd6 56. e4 Qxc4+ 57. Ke3 Qc1+ 58. Ke2 Qc2+ 1/2-1/2

[Event "España tch División de Honor 2014"]
[Site "Linares ESP"]
[Date "2014.09.08"]
[Round "5.3"]
[White "Santos Latasa, Jaime"]
[Black "Gonzalez De La Torre, Santiago"]
[Result "0-1"]
[WhiteElo "2486"]
[BlackElo "2450"]
[PlyCount "64"]
[EventDate "2014.09.04"]
[EventType "team-tourn"]
[EventRounds "7"]
[EventCountry "ESP"]
[Source "lmi"]
[SourceDate "2014.09.04"]
[WhiteTeam "CLUB MAGIC EXTREMADURA"]
[BlackTeam "GROS XAKE TALDEA"]

1. d4 d5 2. c4 c6 3. Nf3 Nf6 4. e3 Bf5 5. Nc3 e6 6. Nh4 Bg6 7. Be2 Nbd7 8. g3
Ne4 9. O-O Nd6 10. b3 Nf5 11. Ng2 Bd6 12. Bb2 O-O 13. Bf3 Qe7 14. Qd2 Rad8 15.
c5 Bb8 16. Nf4 e5 17. Nxg6 hxg6 18. Bg2 e4 19. Rae1 Nh6 20. f3 f5 21. fxe4 fxe4
22. Rxf8+ Rxf8 23. Rf1 Nf6 24. Ne2 g5 25. h3 g6 26. Rf2 Nf5 27. g4 Nh4 28. Bh1
Nf3+ 29. Bxf3 exf3 30. Rxf3 Ne4 31. Rxf8+ Qxf8 32. Qe1 Qf3 0-1

[Event "España tch División de Honor 2014"]
[Site "Linares ESP"]
[Date "2014.09.08"]
[Round "5.3"]
[White "Argandona Riveiro, Inigo"]
[Black "Moreno Tejera, Emilio"]
[Result "1/2-1/2"]
[WhiteElo "2434"]
[BlackElo "2435"]
[PlyCount "111"]
[EventDate "2014.09.04"]
[EventType "team-tourn"]
[EventRounds "7"]
[EventCountry "ESP"]
[Source "lmi"]
[SourceDate "2014.09.04"]
[WhiteTeam "GROS XAKE TALDEA"]
[BlackTeam "CLUB MAGIC EXTREMADURA"]

1. Nf3 Nf6 2. c4 g6 3. Nc3 Bg7 4. e4 d6 5. d4 O-O 6. Be3 Ng4 7. Bg5 h6 8. Bh4
c5 9. dxc5 g5 10. Bg3 dxc5 11. Qxd8 Rxd8 12. Nd5 Nc6 13. O-O-O Rd7 14. h4 e6
15. Nc3 Rxd1+ 16. Nxd1 Nf6 17. hxg5 Nxe4 18. gxh6 Nxg3 19. fxg3 Bh8 20. Nf2 Bd7
21. Bd3 Rd8 22. g4 Kf8 23. h7 Ne7 24. g5 Bc6 25. Rh6 Nf5 26. Rf6 Ke7 27. Bxf5
exf5 28. Rxf5 Ke6 29. Rxc5 Bg7 30. Ng4 Rh8 31. Nf6 Bxf6 32. gxf6 Kxf6 33. Rh5
Be4 34. Rh4 Bxh7 35. Kd2 Kg6 36. b4 Re8 37. c5 f6 38. Rd4 Re7 39. a4 Kf7 40.
Rf4 Kg7 41. Nd4 Kf7 42. Nb5 a6 43. Nd4 Be4 44. g3 Re5 45. Kc3 a5 46. Nb5 axb4+
47. Kxb4 Bc6 48. Nd4 Bd7 49. Nf3 Re3 50. Ng5+ Kg6 51. Ne4 f5 52. Nd6 Rxg3 53.
Nxb7 Rg4 54. Rc4 Rxc4+ 55. Kxc4 Bxa4 56. Kd4 1/2-1/2

[Event "España tch División de Honor 2014"]
[Site "Linares ESP"]
[Date "2014.09.08"]
[Round "5.4"]
[White "Harikrishna, Pentala"]
[Black "Iturrizaga Bonelli, Eduardo"]
[Result "1-0"]
[WhiteElo "2725"]
[BlackElo "2660"]
[PlyCount "127"]
[EventDate "2014.09.04"]
[EventType "team-tourn"]
[EventRounds "7"]
[EventCountry "ESP"]
[Source "lmi"]
[SourceDate "2014.09.04"]
[WhiteTeam "C.A. SOLVAY"]
[BlackTeam "EQUIGOMA -  CASA SOCIAL CATOLICA"]

1. e4 c5 2. Nf3 g6 3. c3 Nf6 4. e5 Nd5 5. Qb3 Nc7 6. Bc4 e6 7. d4 b5 8. Be2 Bb7
9. a4 c4 10. Qc2 a6 11. Nbd2 f5 12. h4 Nd5 13. Nf1 Be7 14. Ng3 h5 15. b3 Nc6
16. axb5 axb5 17. Rxa8 Qxa8 18. bxc4 Nxc3 19. d5 exd5 20. cxd5 Nxd5 21. O-O Qa4
22. Qb2 Qb4 23. e6 Nc3 24. exd7+ Kxd7 25. Bxb5 Kc7 26. Bxc6 Bxc6 27. Ne5 Rg8
28. Qxb4 Bxb4 29. Bd2 Ne2+ 30. Nxe2 Bxd2 31. Nd4 Be4 32. Rd1 Bh6 33. Ne6+ Kb6
34. Nf7 Bg7 35. Rd6+ Ka5 36. f3 Ba8 37. Nxg7 Rxg7 38. Rf6 Kb4 39. Ne5 g5 40.
Rxf5 g4 41. fxg4 hxg4 42. Rg5 Rh7 43. h5 g3 44. Ng6 Kc4 45. Nf4 Kd4 46. Ne2+
Ke3 47. Nxg3 Kf4 48. Rg6 Bd5 49. Kf2 Bf7 50. Ra6 Be8 51. Re6 Rh8 52. Re4+ Kg5
53. Rc4 Bf7 54. Rc5+ Kh4 55. Nf5+ Kg4 56. Ne3+ Kh4 57. g3+ Kh3 58. Rc1 Kh2 59.
Ng4+ Kh3 60. Ne5 Bd5 61. Ng6 Ra8 62. Nf4+ Kg4 63. Nxd5 Ra2+ 64. Ke3 1-0

[Event "España tch División de Honor 2014"]
[Site "Linares ESP"]
[Date "2014.09.08"]
[Round "5.4"]
[White "Ganguly, Surya Shekhar"]
[Black "Arizmendi Martinez, Julen Luis"]
[Result "1/2-1/2"]
[WhiteElo "2614"]
[BlackElo "2544"]
[PlyCount "96"]
[EventDate "2014.09.04"]
[EventType "team-tourn"]
[EventRounds "7"]
[EventCountry "ESP"]
[Source "lmi"]
[SourceDate "2014.09.04"]
[WhiteTeam "C.A. SOLVAY"]
[BlackTeam "EQUIGOMA -  CASA SOCIAL CATOLICA"]

1. d4 Nf6 2. Nc3 d5 3. Bf4 e6 4. e3 Be7 5. Nf3 a6 6. Bd3 Nbd7 7. Ne5 c5 8. a3
Nxe5 9. Bxe5 c4 10. Be2 b5 11. Bf3 Bb7 12. Qe2 O-O 13. e4 b4 14. axb4 Bxb4 15.
O-O Bxc3 16. Bxf6 Qxf6 17. bxc3 a5 18. Rfb1 Rfb8 19. Rb5 Qd8 20. h3 a4 21. Qe3
h6 22. Rb4 Bc6 23. exd5 exd5 24. Qc1 Qe7 25. Qa3 Rb7 26. g3 Rab8 27. Rab1 Qf6
28. Rxb7 Rxb7 29. Rxb7 Bxb7 30. Bg4 Bc6 31. Qc5 g6 32. Kf1 h5 33. Bc8 Kg7 34.
h4 Kg8 35. f4 Be8 36. Ke1 Qc6 37. Kd2 a3 38. Qxc6 Bxc6 39. Kc1 Kf8 40. Kb1 Ke7
41. Ka2 Kd8 42. Bh3 f5 43. Kxa3 Kc7 44. Kb4 Kb6 45. Bf1 Bb5 46. Be2 Ba6 47. Bf1
Bb5 48. Be2 Ba6 1/2-1/2

[Event "España tch División de Honor 2014"]
[Site "Linares ESP"]
[Date "2014.09.08"]
[Round "5.4"]
[White "Cacho Reigadas, Sergio"]
[Black "Corral Blanco, Juan Antonio"]
[Result "1-0"]
[WhiteElo "2511"]
[BlackElo "2439"]
[PlyCount "85"]
[EventDate "2014.09.04"]
[EventType "team-tourn"]
[EventRounds "7"]
[EventCountry "ESP"]
[Source "lmi"]
[SourceDate "2014.09.04"]
[WhiteTeam "C.A. SOLVAY"]
[BlackTeam "EQUIGOMA -  CASA SOCIAL CATOLICA"]

1. d4 Nf6 2. Bf4 c5 3. e3 g6 4. c3 b6 5. Nf3 Bg7 6. h3 O-O 7. Bd3 Bb7 8. O-O d6
9. Bh2 Nbd7 10. Qe2 Ne4 11. Rd1 Ndf6 12. a4 a6 13. c4 cxd4 14. exd4 e6 15. b3
Re8 16. Qe1 a5 17. Na3 Qd7 18. Nb5 Qc6 19. Qf1 Bf8 20. Rac1 Qd7 21. Re1 Rac8
22. Qe2 Ba8 23. Rc2 Qb7 24. Qf1 Red8 25. Bf4 h6 26. Rce2 d5 27. Ne5 Kh7 28. f3
Nd6 29. Nxd6 Bxd6 30. Qf2 Bb4 31. Qh4 Ng8 32. Nxg6 Bxe1 33. Ne5+ Kg7 34. Bxh6+
Nxh6 35. Qg5+ Kf8 36. Qxh6+ Ke7 37. Rxe1 Rg8 38. Nxf7 Kxf7 39. Qxe6+ Kf8 40.
Qf5+ Kg7 41. Re6 Qf7 42. Rg6+ Kf8 43. Qxc8+ 1-0

[Event "España tch División de Honor 2014"]
[Site "Linares ESP"]
[Date "2014.09.08"]
[Round "5.4"]
[White "Guerrero Vargas, Andres"]
[Black "Ubilava, Elizbar"]
[Result "1/2-1/2"]
[WhiteElo "2303"]
[BlackElo "2480"]
[PlyCount "98"]
[EventDate "2014.09.04"]
[EventType "team-tourn"]
[EventRounds "7"]
[EventCountry "ESP"]
[Source "lmi"]
[SourceDate "2014.09.04"]
[WhiteTeam "EQUIGOMA -  CASA SOCIAL CATOLICA"]
[BlackTeam "C.A. SOLVAY"]

1. e4 c5 2. Nf3 e6 3. d4 cxd4 4. Nxd4 Nc6 5. Nc3 Qc7 6. f4 Nxd4 7. Qxd4 a6 8.
Bd3 Ne7 9. Bd2 Nc6 10. Qe3 Nb4 11. Qg3 b5 12. a3 Nxd3+ 13. cxd3 Bb7 14. Rc1 Rc8
15. O-O h5 16. h3 h4 17. Qf2 Qb8 18. f5 Qg3 19. Qxg3 hxg3 20. Ne2 Rxc1 21. Rxc1
Bd6 22. fxe6 dxe6 23. Be1 Kd7 24. Bxg3 e5 25. Bf2 g6 26. Bc5 f5 27. Nc3 Rd8 28.
Re1 Ke6 29. b4 Bc6 30. Re3 Bc7 31. g4 a5 32. Kf1 axb4 33. axb4 fxg4 34. hxg4
Rh8 35. Kg2 Ra8 36. Rf3 Ra3 37. Nb1 Ra2+ 38. Rf2 Rxf2+ 39. Kxf2 Bd8 40. Nc3 Bg5
41. Kf3 Bd7 42. Ne2 Bf6 43. Kg3 Bc6 44. Ng1 Bd8 45. Nf3 Bd7 46. g5 Bc7 47. Kh4
Bc8 48. Be7 Kxe7 49. Ng1 Ke8 1/2-1/2

[Event "España tch División de Honor 2014"]
[Site "Linares ESP"]
[Date "2014.09.09"]
[Round "6.1"]
[White "Harikrishna, Pentala"]
[Black "Sargissian, Gabriel"]
[Result "1/2-1/2"]
[WhiteElo "2725"]
[BlackElo "2691"]
[PlyCount "55"]
[EventDate "2014.09.04"]
[EventType "team-tourn"]
[EventRounds "7"]
[EventCountry "ESP"]
[Source "lmi"]
[SourceDate "2014.09.04"]
[WhiteTeam "C.A. SOLVAY"]
[BlackTeam "CLUB MAGIC EXTREMADURA"]

1. d4 Nf6 2. Bg5 d5 3. Nd2 c6 4. e3 Qb6 5. Bxf6 exf6 6. Rb1 Bf5 7. Ngf3 Nd7 8.
Nh4 Be6 9. Bd3 g6 10. O-O f5 11. c4 Be7 12. Nhf3 O-O 13. b4 Nf6 14. Qc2 Ne4 15.
a3 h5 16. Nb3 Qd8 17. Rfc1 Bf6 18. cxd5 Bxd5 19. Bc4 Bxc4 20. Qxc4 Qe7 21. Nc5
a6 22. Nxe4 Qxe4 23. Qc2 Qe7 24. Qc5 Qe6 25. Qc4 Qe7 26. Qc5 Qe6 27. Qc4 Qe7
28. Qc5 1/2-1/2

[Event "España tch División de Honor 2014"]
[Site "Linares ESP"]
[Date "2014.09.09"]
[Round "6.1"]
[White "Oparin, Grigoriy"]
[Black "Delchev, Aleksander"]
[Result "1/2-1/2"]
[WhiteElo "2540"]
[BlackElo "2660"]
[PlyCount "125"]
[EventDate "2014.09.04"]
[EventType "team-tourn"]
[EventRounds "7"]
[EventCountry "ESP"]
[Source "lmi"]
[SourceDate "2014.09.04"]
[WhiteTeam "CLUB MAGIC EXTREMADURA"]
[BlackTeam "C.A. SOLVAY"]

1. e4 e5 2. Nf3 d6 3. d4 exd4 4. Nxd4 Nf6 5. Nc3 Be7 6. Be2 O-O 7. O-O Re8 8.
Re1 Bf8 9. Bf1 Nbd7 10. Bf4 c6 11. h3 Ne5 12. Qd2 b5 13. a3 Bd7 14. Bh2 a5 15.
f4 Ng6 16. e5 b4 17. axb4 axb4 18. Rxa8 bxc3 19. bxc3 Qxa8 20. exf6 gxf6 21.
Bd3 c5 22. Rxe8 Qxe8 23. Ne2 Bh6 24. Bg3 d5 25. Bf2 c4 26. Bxg6 hxg6 27. Bd4 f5
28. Qe3 Qe4 29. Qxe4 dxe4 30. Be3 Ba4 31. Nd4 Kf8 32. Kf2 Ke7 33. g3 Kd7 34.
Ke2 Bf8 35. Kd1 Bd6 36. Kc1 Bc7 37. Kd2 Ba5 38. Ne2 Kd6 39. Nd4 Kd5 40. Ne2 Bc7
41. Kc1 f6 42. Kd2 Ke6 43. Nd4+ Kf7 44. Ne2 Kg7 45. Nd4 Bd7 46. Ne2 Kh6 47. Nd4
Kh5 48. Ne2 g5 49. Ke1 Ba4 50. Kd2 Bd6 51. Kd1 Be8 52. Kd2 Bc7 53. Bd4 e3+ 54.
Kxe3 Kg6 55. h4 Bc6 56. hxg5 fxg5 57. Be5 Bb6+ 58. Bd4 Bd8 59. Be5 Kh5 60. fxg5
Bxg5+ 61. Kd4 Bf3 62. Nf4+ Bxf4 63. Bxf4 1/2-1/2

[Event "España tch División de Honor 2014"]
[Site "Linares ESP"]
[Date "2014.09.09"]
[Round "6.1"]
[White "Ganguly, Surya Shekhar"]
[Black "Svetushkin, Dmitry"]
[Result "1/2-1/2"]
[WhiteElo "2614"]
[BlackElo "2580"]
[PlyCount "127"]
[EventDate "2014.09.04"]
[EventType "team-tourn"]
[EventRounds "7"]
[EventCountry "ESP"]
[Source "lmi"]
[SourceDate "2014.09.04"]
[WhiteTeam "C.A. SOLVAY"]
[BlackTeam "CLUB MAGIC EXTREMADURA"]

1. e4 c6 2. d4 d5 3. Nc3 dxe4 4. Nxe4 Bf5 5. Ng3 Bg6 6. h4 h6 7. Nf3 Nd7 8. h5
Bh7 9. Bd3 Bxd3 10. Qxd3 e6 11. Bd2 Ngf6 12. O-O-O Be7 13. Kb1 Rc8 14. Ne4 c5
15. dxc5 Nxc5 16. Nxc5 Bxc5 17. Qb5+ Qd7 18. Qe2 Qc7 19. g4 Be7 20. Bc3 Qc4 21.
Qxc4 Rxc4 22. Ne5 Rc7 23. Bd4 Bc5 24. f4 Ke7 25. g5 Bxd4 26. Rxd4 Nd7 27. Nf3
Rc5 28. g6 fxg6 29. hxg6 Rf8 30. c4 Rcf5 31. Ne5 Nxe5 32. fxe5 Rf4 33. Rhd1
Rxd4 34. Rxd4 Rf5 35. Re4 Rg5 36. c5 Kd7 37. b4 Kc6 38. Rd4 Rxg6 39. a4 h5 40.
Kc2 Rh6 41. Rd6+ Kc7 42. b5 h4 43. Rd1 h3 44. Kd3 Rg6 45. Rf1 h2 46. Rh1 Rg2
47. Ke3 g5 48. Kf3 Rc2 49. Kg4 Rxc5 50. Rxh2 Rxe5 51. Rh7+ Kb6 52. a5+ Kxb5 53.
Rxb7+ Ka6 54. Re7 Rb5 55. Kh5 Re5 56. Kg4 Kxa5 57. Rxa7+ Kb6 58. Ra1 Kc6 59.
Rd1 Rf5 60. Rd2 Rf1 61. Kxg5 e5 62. Kg4 Kc5 63. Kg3 Rf4 64. Ra2 1/2-1/2

[Event "España tch División de Honor 2014"]
[Site "Linares ESP"]
[Date "2014.09.09"]
[Round "6.1"]
[White "Perez Candelario, Manuel"]
[Black "Adhiban, Baskaran"]
[Result "1/2-1/2"]
[WhiteElo "2575"]
[BlackElo "2619"]
[PlyCount "60"]
[EventDate "2014.09.04"]
[EventType "team-tourn"]
[EventRounds "7"]
[EventCountry "ESP"]
[Source "lmi"]
[SourceDate "2014.09.04"]
[WhiteTeam "CLUB MAGIC EXTREMADURA"]
[BlackTeam "C.A. SOLVAY"]

1. e4 e5 2. Nf3 Nc6 3. Bb5 a6 4. Ba4 Nf6 5. O-O Be7 6. Re1 b5 7. Bb3 O-O 8. c3
d5 9. exd5 Nxd5 10. Nxe5 Nxe5 11. Rxe5 c6 12. d3 Bd6 13. Re1 Bf5 14. Qf3 Qf6
15. Bxd5 cxd5 16. Bf4 Bxf4 17. Qxf4 d4 18. cxd4 Rad8 19. Nc3 Rxd4 20. Ne4 Bxe4
21. Qxf6 gxf6 22. Rxe4 Rxd3 23. Kf1 f5 24. Re5 Rd2 25. Re2 Rfd8 26. Ke1 R2d4
27. Rc1 Kg7 28. f3 Kf6 29. Kf2 f4 30. Rc6+ R8d6 1/2-1/2

[Event "España tch División de Honor 2014"]
[Site "Linares ESP"]
[Date "2014.09.09"]
[Round "6.1"]
[White "Cacho Reigadas, Sergio"]
[Black "Antipov, Mikhail Al"]
[Result "0-1"]
[WhiteElo "2511"]
[BlackElo "2508"]
[PlyCount "50"]
[EventDate "2014.09.04"]
[EventType "team-tourn"]
[EventRounds "7"]
[EventCountry "ESP"]
[Source "lmi"]
[SourceDate "2014.09.04"]
[WhiteTeam "C.A. SOLVAY"]
[BlackTeam "CLUB MAGIC EXTREMADURA"]

1. d4 Nf6 2. Bf4 d5 3. e3 e6 4. Nf3 c5 5. c3 Be7 6. Nbd2 O-O 7. Bd3 b6 8. Ne5
Bb7 9. Qf3 Nc6 10. Qh3 g6 11. Bh6 Re8 12. f4 Qc8 13. Bg5 cxd4 14. exd4 Nh5 15.
Qh4 Bxg5 16. Qxg5 f6 17. Qh6 fxe5 18. fxe5 Rf8 19. Nf3 Nf4 20. O-O-O Qd7 21.
Bc2 Qg7 22. Qg5 Ba6 23. Rd2 Be2 24. Ne1 Bh5 25. Qh4 Nb8 0-1

[Event "España tch División de Honor 2014"]
[Site "Linares ESP"]
[Date "2014.09.09"]
[Round "6.1"]
[White "Moreno Tejera, Emilio"]
[Black "Ubilava, Elizbar"]
[Result "0-1"]
[WhiteElo "2435"]
[BlackElo "2480"]
[PlyCount "67"]
[EventDate "2014.09.04"]
[EventType "team-tourn"]
[EventRounds "7"]
[EventCountry "ESP"]
[Source "lmi"]
[SourceDate "2014.09.04"]
[WhiteTeam "CLUB MAGIC EXTREMADURA"]
[BlackTeam "C.A. SOLVAY"]

1. e4 e5 2. Nf3 Nc6 3. Bb5 a6 4. Ba4 Nf6 5. O-O b5 6. Bb3 Be7 7. Re1 O-O 8. c3
d5 9. exd5 Nxd5 10. Nxe5 Nxe5 11. Rxe5 c6 12. d3 Bd6 13. Re1 Qh4 14. g3 Qh3 15.
Qe2 Bg4 16. Qf1 Qh5 17. Nd2 Nf4 18. gxf4 Bh3 19. Ne4 Bxf1 20. Kxf1 Rad8 21. Be3
Qh3+ 22. Ke2 Bxf4 23. Kd2 Bxe3+ 24. Rxe3 Qxh2 25. Rae1 g6 26. d4 Kg7 27. Nc5
Qxf2+ 28. R1e2 Qf4 29. Kc2 Qf5+ 30. Kc1 h5 31. Re7 Kh6 32. Nxa6 Qc8 33. Nc5
Rde8 34. Nd7 0-1